Lataa...

Custir ecinimy : a profile and analysis of Indian and International market

Bibliografiset tiedot
Päätekijä: Rao, VM
Muut tekijät: Tewari, David
Aineistotyyppi: Printed Book
Kieli:Undetermined
English
Julkaistu: New Delhi Oxford and IBH Publishing Company Pvt Ltd 1991
Aiheet:
LEADER 00734nam a2200217Ia 4500
008 140306s9999 xx 000 0 und d
020 |a 8120406494 
041 |a eng 
082 |a 338.1  |b TEW/CA 
100 |a Rao, VM 
245 |a Custir ecinimy : a profile and analysis of Indian and International market 
260 |a New Delhi  |b Oxford and IBH Publishing Company Pvt Ltd  |c 1991 
300 |a 171 
365 |b Rs.225 
440 |v CMA monograph 150 
650 |a Domestic demand-castor oil 
650 |a Production economics 
700 |a Tewari, David 
942 |2 ddc  |c BK 
999 |c 180393  |d 180393 
952 |0 0  |1 0  |2 ddc  |4 0  |6 338_100000000000000_TEW_CA  |7 0  |9 185829  |a KAUCBV  |b KAUCBV  |d 2004-07-02  |g 225.00  |o 338.1 TEW/CA  |r 2014-03-22  |w 2014-03-22  |y BK